| 000 | 00000nam 2200000za 4500 |
| 001 | 9.855999 |
| 003 | CaOODSP |
| 005 | 20221107155433 |
| 007 | cr ||||||||||| |
| 008 | 180501q2018 quca #o f000 0 eng d |
| 040 | |aCaOODSP|beng |
| 043 | |an-cn--- |
| 086 | 1 |aIP54-91/2018E-PDF |
| 245 | 00|a5 tips to protect your privacy online |h[electronic resource]. |
| 246 | 3 |aFive tips to protect your privacy online |
| 260 | |a[Gatineau, QC] : |bOffice of the Privacy Commissioner of Canada, |c[2018?] |
| 300 | |a[1] p. : |bcol. ill. |
| 500 | |aIssued also in French under title: 5 conseils pour protéger ta vie privée en ligne. |
| 692 | 07|2gccst|aPrivacy |
| 692 | 07|2gccst|aInternet |
| 710 | 1 |aCanada.|bPrivacy Commissioner of Canada. |
| 775 | 08|t5 conseils pour protéger ta vie privée en ligne |w(CaOODSP)9.856000 |
| 856 | 40|qPDF|s3.25 MB|uhttps://publications.gc.ca/collections/collection_2018/cpvp-opc/IP54-91-2018-eng.pdf |